Tiere Sumatras - Statistiken

Allgemein
  • Dieses Quiz wurde 21 mal gespielt
  • Das Durchschnittsergebnis liegt bei 5 aus 16
Antwortstatistiken
Bildquiz Antwort % Korrekt
Tiger
100%
Sumatra-Orang-Utan
89%
Asiatischer Elefant
53%
Malaiisches Schuppentier
32%
Schabrackentapir
32%
Sunda-Marabu
32%
Weißhandgibbon
32%
Malaienbär
26%
Wildschwein
21%
Doppelhornvogel
16%
Netzpython
16%
Leistenkrokodil
11%
Zwergotter
11%
Kleinkantschil
0%
Schützenfisch
0%
Sumatrabarbe
0%
Keine übereinstimmenden Quizze gefunden
Verteilung der Resultate
Anzahl Personen mit jedem Resultat
Perzentil nach korrekt beantworteten Fragen
Ihre Resultats-Entwicklung
Sie haben dieses Quiz noch nicht gespielt